000 00351nam a2200133Ia 4500
008 240624s9999 xx 000 0 und d
041 _aeng
082 _a658.4012 DAV
100 _aDAVENPORT THOMAS H
245 _aSTRATEGIC MANAGEMENT IN THE INNOVATION E
260 _c2006
_acapabilities
_bJohn Wiley and Sons
300 _a441 : p.
365 _c
_b25
999 _c16667
_d16667